Statistics for Old Names Of Cities

Click here to take the quiz!

General Stats

  • This quiz has been taken 85 times
  • The average score is 8 of 16

Answer Stats

Old NameNew Name% Correct
LondiniumLondon
92%
New AmsterdamNew York City
92%
LeningradSaint Petersburg
88%
ByzantiumIstanbul
88%
SaigonHo Chi Minh City
86%
BucureșciBucharest
80%
DanzigGdańsk
76%
AncyraAnkara
68%
Brunei TownBandar Seri Begawan
52%
ChristianiaOslo
41%
Fort NashboroughNashville
24%
PoonaPune
24%
Yerba BuenaSan Francisco
20%
TemasekSingapore
8%
HalikarnassosBodrum
5%
Mahmood purLahore
0%

Score Distribution

Percentile by Number Answered

Percent of People with Each Score

Your Score History

You have not taken this quiz